A manual of chemical and biological methods for seawater analysis

Αποθηκεύτηκε σε:
Λεπτομέρειες βιβλιογραφικής εγγραφής
Κύριος συγγραφέας: Parsons, Timothy Richard
Άλλοι συγγραφείς: Maita, Yoshiaki 1937-, Lalli, Carol M.
Μορφή: Βιβλίο
Γλώσσα:English
Δημοσίευση: Oxford : Pergamon Press, 1984
Σειρά:Pergamon international library of science, technology, engineering, and social studies
Θέματα:
Ετικέτες: Προσθήκη ετικέτας
Δεν υπάρχουν, Καταχωρήστε ετικέτα πρώτοι!

MARC

LEADER 00000cam a2200000 i 4500
001 1/86981
008 950124s1984 eng d
020 |a 0-08-030288-2 
035 |l 10006614 
040 |a GR-MY-UA  |b gre  |e aacr 
041 0 |a eng 
082 0 |a 551.4601 
100 1 |a Parsons, Timothy Richard. 
245 1 2 |a A manual of chemical and biological methods for seawater analysis /  |c Timothy R. Parsons, Yoshiaki Maita and Carol M. Lalli 
260 |a Oxford :   |b Pergamon Press,   |c 1984 
300 |a xiv, 173 p.;  |c 24 cm 
490 1 |a Pergamon international library of science, technology, engineering, and social studies 
650 0 0 |a Seawater  |x Analysis. 
700 1 |a Maita, Yoshiaki  |d 1937- 
700 1 |a Lalli, Carol M. 
830 0 |a Pergamon international library of science, technology, engineering, and social studies 
852 |a INST  |b LESVOS  |e 19950124  |h 551.4601 PAR  |p 005100003142  |q 005100003142  |t BK  |y 0 
909 |a Λ  |b 009655